言語別話者数上位5か国 - Statistics

General Stats
  • This quiz has been taken 66 times
  • The average score is 25 of 35
Answer Stats
言語 % Correct
英語, スペイン語, フランス語, ポルトガル語, 中国語, オランダ語 アメリカ合衆国
100%
イタリア語 イタリア
98%
ドイツ語, ロシア語, オランダ語 ドイツ
96%
中国語 中華人民共和国
96%
スペイン語 スペイン
94%
ポルトガル語, ドイツ語, イタリア語 ブラジル
94%
オランダ語 オランダ
94%
ロシア語 ロシア
94%
英語 イギリス
91%
フランス語, ドイツ語, イタリア語 フランス
91%
英語, フランス語 カナダ
89%
スペイン語 メキシコ
89%
ポルトガル語 ポルトガル
89%
英語 オーストラリア
85%
アラビア語 エジプト
85%
スペイン語 アルゼンチン
83%
イタリア語 アルゼンチン
83%
スペイン語 コロンビア
79%
フランス語, オランダ語 ベルギー
72%
フランス語, ドイツ語, イタリア語 スイス
72%
ロシア語 ウクライナ
72%
アラビア語 アルジェリア
68%
アラビア語 イラク
68%
中国語 台湾
68%
ロシア語 ベラルーシ
66%
英語 ナイジェリア
60%
ドイツ語 オーストリア
60%
ロシア語 カザフスタン
60%
中国語 マレーシア
53%
中国語 シンガポール
51%
アラビア語 スーダン
45%
アラビア語 イエメン
34%
オランダ語 スリナム
23%
ポルトガル語 アンゴラ
21%
ポルトガル語 モザンビーク
19%
No matching quizzes found
Score Distribution
Percent of People with Each Score
Percentile by Number Answered
Your Score History
You have not taken this quiz